[Event "Dubrovnik Advent op"]
[Site "Dubrovnik"]
[Date "2023.12.03"]
[Round "6"]
[White "Dzaja, Martin Zorislav"]
[Black "Djuric, Stefan"]
[Result "0-1"]
[WhiteElo "2014"]
[BlackElo "2221"]
[PlyCount "56"]
[EventDate "2023.12.01"]
[EventType "swiss"]
[EventRounds "6"]
[EventCountry "CRO"]
[SourceTitle "CB49_2023"]
[SourceDate "2023.12.06"]
[SourceVersion "1"]
[SourceVersionDate "2023.12.06"]
[SourceQuality "1"]

1. d4 Nf6 2. c4 g6 3. Nc3 d5 4. Nf3 Bg7 5. Qb3 c6 6. cxd5 Nxd5 7. e4 Nb6 8. Be3 0-0 9. Rd1 Be6 10. d5 cxd5 11. Nd4 Bg4 12. f3 e5 13. Ndb5 d4 14. fxg4 N8d7 15. Bf2 a6 16. Na4 Nxa4 17. Qxa4 Nc5 18. Qb4 Nxe4 19. Na3 Nxf2 20. Kxf2 Qf6+ 21. Ke1 e4 22. Qd2 d3 23. g5 Qe6 24. g3 Rad8 25. Bg2 e3 26. Qb4 Qxa2 27. Rb1 Rc8 28. Be4 Qxb1+ 0-1

[Event "Dubrovnik Advent op"]
[Site "Dubrovnik"]
[Date "2023.12.03"]
[Round "5"]
[White "Dzaja, Martin Zorislav"]
[Black "Markotic, Gordan"]
[Result "1-0"]
[WhiteElo "2014"]
[BlackElo "2227"]
[PlyCount "63"]
[EventDate "2023.12.01"]
[EventType "swiss"]
[EventRounds "6"]
[EventCountry "CRO"]
[SourceTitle "CB49_2023"]
[SourceDate "2023.12.06"]
[SourceVersion "1"]
[SourceVersionDate "2023.12.06"]
[SourceQuality "1"]

1. d4 Nf6 2. c4 d6 3. Nc3 e5 4. d5 Be7 5. e4 0-0 6. Bd3 c6 7. Nf3 cxd5 8. cxd5 Nbd7 9. 0-0 Nc5 10. Bc2 a5 11. Nd2 b6 12. Nb3 Ba6 13. Re1 Nxb3 14. Bxb3 b5 15. Bc2 Nd7 16. Bd3 b4 17. Bxa6 Rxa6 18. Na4 Nc5 19. Be3 Qd7 20. Bxc5 dxc5 21. Rc1 Qa7 22. Rc4 f5 23. exf5 Rxf5 24. Qc2 Raf6 25. Re2 Rf4 26. Rxf4 exf4 27. Qc4 Bd6 28. Re8+ Kf7 29. Rc8 Qd7 30. Rc6 f3 31. Nxc5 Bxc5 32. Rc7 1-0

[Event "Hvar op"]
[Site "Hvar"]
[Date "2023.10.18"]
[Round "5"]
[White "Dzaja, Martin Zorislav"]
[Black "Rama, Lorenc"]
[Result "1-0"]
[WhiteElo "1957"]
[BlackElo "2156"]
[PlyCount "128"]
[EventDate "2023.10.15"]
[EventType "swiss"]
[EventRounds "9"]
[EventCountry "CRO"]
[SourceTitle "Mega2024 Update 01"]
[Source "Chessbase"]
[SourceDate "2023.11.12"]
[SourceVersion "1"]
[SourceVersionDate "2023.11.12"]
[SourceQuality "1"]

1. d4 d5 2. c4 e6 3. Nc3 Nf6 4. Nf3 Be7 5. Bg5 0-0 6. e3 h6 7. Bh4 b6 8. Bxf6 Bxf6 9. cxd5 exd5 10. b4 c6 11. Bd3 Be6 12. Rc1 Be7 13. Qa4 b5 14. Qb3 a5 15. a3 axb4 16. axb4 Qd6 17. Rb1 Nd7 18. 0-0 Nb6 19. Rfd1 Bg4 20. Qc2 Qf6 21. Be2 Bxf3 22. Bxf3 Nc4 23. Qc1 Bd6 24. Rd3 Qg6 25. Qd1 f5 26. Nxd5 cxd5 27. Bxd5+ Kh7 28. Bxa8 Rxa8 29. Qf3 Rd8 30. Rdd1 Qe6 31. Qe2 Re8 32. Qd3 Qe4 33. Qxe4 Re7 34. Qe6 Rxe6 35. g3 Re4 36. Ra1 g5 37. Ra8 Re7 38. Ra6 Kg6 39. Rda1 Kf7 40. Kf1 Ke6 41. Kg2 Kd5 42. h3 Re6 43. Ra8 h5 44. Rg8 f4 45. exf4 Be7 46. Rh8 gxf4 47. Rh6 h4 48. Rh5+ Kxd4 49. Rxb5 hxg3 50. fxg3 Rg6 51. g4 Bh4 52. Rc5 Ne3+ 53. Kf3 Bg3 54. Ra2 Nc4 55. Rc8 Rd6 56. b5 Rb6 57. Ra4 Rxb5 58. Rcxc4+ Ke5 59. Rab4 Ra5 60. Ra4 Rb5 61. Rcb4 Rc5 62. Re4+ Kd5 63. Rad4+ Kc6 64. Rc4 Bh4 1-0

[Event "Krapina op 11th"]
[Site "Krapina"]
[Date "2023.01.14"]
[Round "5"]
[White "Dzaja, Martin Zorislav"]
[Black "Kolednjak, Tomislav"]
[Result "0-1"]
[WhiteElo "1973"]
[BlackElo "2049"]
[PlyCount "90"]
[EventDate "2023.01.13"]
[EventType "swiss"]
[EventRounds "7"]
[EventCountry "CRO"]
[SourceTitle "CBM 212 Extra"]
[Source "ChessBase"]
[SourceDate "2023.03.31"]
[SourceVersion "1"]
[SourceVersionDate "2023.03.31"]
[SourceQuality "1"]

1. d4 d5 2. c4 e6 3. Nc3 h6 4. Nf3 Nf6 5. e3 a6 6. cxd5 exd5 7. Bd3 Bd6 8. Ne5 0-0 9. f4 c5 10. 0-0 Nc6 11. Bc2 Qc7 12. Kh1 b5 13. a3 Bb7 14. Qd3 c4 15. Qe2 Ne7 16. Bd2 Ne4 17. Nxe4 dxe4 18. Qh5 f6 19. Ng6 Nxg6 20. Qxg6 f5 21. g4 Rf6 22. Qh5 Qf7 23. Qxf7+ Rxf7 24. gxf5 Rxf5 25. Kg1 Bd5 26. Bb4 Bc7 27. Rf2 Re8 28. Kf1 Re6 29. Ke2 Kf7 30. Rg1 Rg6 31. Rxg6 Kxg6 32. Rg2+ Kf7 33. Rg3 Rh5 34. Rg2 g5 35. Bd2 gxf4 36. exf4 Rh3 37. Be3 a5 38. Kd2 b4 39. axb4 axb4 40. Bd1 c3+ 41. bxc3 bxc3+ 42. Ke2 Bc4+ 43. Kf2 c2 44. Bxc2 Rf3+ 45. Ke1 Ba5+ 0-1

[Event "Krapina op 11th"]
[Site "Krapina"]
[Date "2023.01.14"]
[Round "3"]
[White "Dzaja, Martin Zorislav"]
[Black "Mlinaric, Simun"]
[Result "1-0"]
[WhiteElo "1973"]
[BlackElo "1680"]
[PlyCount "97"]
[EventDate "2023.01.13"]
[EventType "swiss"]
[EventRounds "7"]
[EventCountry "CRO"]
[SourceTitle "CBM 212 Extra"]
[Source "ChessBase"]
[SourceDate "2023.03.31"]
[SourceVersion "1"]
[SourceVersionDate "2023.03.31"]
[SourceQuality "1"]

1. d4 Nf6 2. c4 d6 3. Nf3 g6 4. Nc3 Bg7 5. g3 0-0 6. Bg2 Nbd7 7. 0-0 e5 8. dxe5 Nxe5 9. Nxe5 dxe5 10. Qc2 c6 11. Rd1 Qc7 12. b4 Be6 13. Na4 Rad8 14. Bb2 Nd7 15. c5 Nf6 16. a3 Nd5 17. e4 Ne7 18. Bc3 Kh8 19. Nb2 f5 20. f3 fxe4 21. fxe4 g5 22. Rxd8 Rxd8 23. Bf1 Ng6 24. Nc4 Bxc4 25. Bxc4 Qd7 26. Rf1 Rf8 27. Rd1 Qg4 28. Qe2 Qh3 29. Qd2 Qg4 30. Qe2 Qh3 31. Qg2 Qg4 32. Rd6 Rf6 33. Be2 Qc8 34. Rd1 Rf8 35. Bd2 h6 36. Bh5 Kh7 37. Qe2 Ne7 38. Bg4 Qc7 39. Bc3 Rd8 40. Rd2 Kh8 41. Qd1 Rxd2 42. Qxd2 Kh7 43. Kg2 Kg6 44. Qd6+ Qxd6 45. cxd6 Ng8 46. Be6 Nf6 47. Bxe5 Kh7 48. d7 Nxd7 49. Bxg7 1-0

[Event "Krapina op 11th"]
[Site "Krapina"]
[Date "2023.01.14"]
[Round "4"]
[White "Orak, Tugomir"]
[Black "Dzaja, Martin Zorislav"]
[Result "0-1"]
[WhiteElo "1898"]
[BlackElo "1973"]
[PlyCount "84"]
[EventDate "2023.01.13"]
[EventType "swiss"]
[EventRounds "7"]
[EventCountry "CRO"]
[SourceTitle "CBM 212 Extra"]
[Source "ChessBase"]
[SourceDate "2023.03.31"]
[SourceVersion "1"]
[SourceVersionDate "2023.03.31"]
[SourceQuality "1"]

1. d4 d5 2. Nf3 Nf6 3. c3 e6 4. Bg5 c5 5. e3 Qb6 6. Qb3 Ne4 7. Bf4 c4 8. Qc2 Be7 9. Nbd2 g5 10. Bxb8 Nxd2 11. Nxd2 Rxb8 12. Be2 Qc7 13. e4 b5 14. e5 a5 15. 0-0 0-0 16. f4 Bd7 17. Rf3 f6 18. Rg3 fxe5 19. fxe5 Rf7 20. Nf3 Rg7 21. Nd2 Be8 22. Bg4 Qd7 23. Qd1 Bg6 24. Bh5 b4 25. Bxg6 Rxg6 26. Qc2 a4 27. cxb4 Rxb4 28. Qc3 Qa7 29. h3 Qb6 30. Rb1 Rg7 31. Kh2 Rf7 32. Rf3 Rxf3 33. Nxf3 Rb5 34. Qd2 a3 35. b3 cxb3 36. axb3 Rxb3 37. Ra1 Rb2 38. Qe3 Rxg2+ 39. Kh1 Qb2 40. Ne1 Re2 41. Qc1 Rh2+ 42. Kg1 Qf2# 0-1

[Event "Hvar Arsenal op"]
[Site "Hvar"]
[Date "2022.10.12"]
[Round "7"]
[White "Dzaja, Martin Zorislav"]
[Black "Friscic, Matej"]
[Result "1-0"]
[WhiteElo "1993"]
[BlackElo "1843"]
[PlyCount "83"]
[EventDate "2022.10.08"]
[EventType "swiss"]
[EventRounds "9"]
[EventCountry "CRO"]
[SourceTitle "CBM 210 Extra"]
[Source "ChessBase"]
[SourceDate "2022.11.30"]
[SourceVersion "1"]
[SourceVersionDate "2022.11.30"]
[SourceQuality "1"]

1. Nf3 d5 2. c4 d4 3. e3 Nc6 4. b4 dxe3 5. fxe3 Nxb4 6. d4 c5 7. a3 Na6 8. Be2 g6 9. 0-0 Bg7 10. Bb2 e6 11. Nbd2 Ne7 12. Qb3 0-0 13. Rad1 Qc7 14. Ne4 Nf5 15. Ne5 b6 16. Ng4 Bb7 17. Ngf6+ Kh8 18. d5 e5 19. g4 Qe7 20. gxf5 Bxf6 21. Kh1 g5 22. Qc3 Rae8 23. Rg1 Nb8 24. Rdf1 Nd7 25. Bd1 a6 26. a4 h6 27. Bc2 Bg7 28. Qb3 Qd8 29. Nd6 Qa8 30. Nxe8 Rxe8 31. e4 Nf6 32. Qxb6 Nh5 33. f6 Bf8 34. Rf5 Bc8 35. Rxe5 Bd7 36. Rxe8 Qxe8 37. Qxa6 Nf4 38. e5 Bh3 39. e6 h5 40. Qb5 Qc8 41. e7 Bg2+ 42. Rxg2 1-0

[Event "Hvar Arsenal op"]
[Site "Hvar"]
[Date "2022.10.09"]
[Round "2"]
[White "Zenelaj, Samuel"]
[Black "Dzaja, Martin Zorislav"]
[Result "1-0"]
[WhiteElo "2289"]
[BlackElo "1993"]
[PlyCount "63"]
[EventDate "2022.10.08"]
[EventType "swiss"]
[EventRounds "9"]
[EventCountry "CRO"]
[SourceTitle "CBM 210 Extra"]
[Source "ChessBase"]
[SourceDate "2022.11.30"]
[SourceVersion "1"]
[SourceVersionDate "2022.11.30"]
[SourceQuality "1"]

1. e4 e6 2. d4 d5 3. Nd2 c5 4. Ngf3 cxd4 5. exd5 Qxd5 6. Bc4 Qd6 7. 0-0 Nf6 8. Nb3 Nc6 9. Nbxd4 Nxd4 10. Nxd4 Be7 11. Nb5 Qxd1 12. Rxd1 0-0 13. Be3 b6 14. a4 Bb7 15. c3 Rfc8 16. Bf1 Nd5 17. Bd4 a6 18. Na3 Bc5 19. Nc4 Kf8 20. h3 Bxd4 21. Rxd4 Rd8 22. Be2 Rac8 23. Bf3 f6 24. Nxb6 Nxb6 25. Rxd8+ Rxd8 26. Bxb7 Rd2 27. a5 Nd7 28. b4 Rc2 29. b5 axb5 30. a6 Rxc3 31. a7 Nb6 32. Ra6 1-0

[Event "EU-ch Amateur U2300"]
[Site "Zagreb"]
[Date "2022.08.21"]
[Round "9"]
[White "Basaric, Srdjan"]
[Black "Dzaja, Martin Zorislav"]
[Result "1-0"]
[WhiteElo "2024"]
[BlackElo "1974"]
[PlyCount "77"]
[EventDate "2022.08.14"]
[EventType "swiss"]
[EventRounds "9"]
[EventCountry "CRO"]
[SourceTitle "CBM 210 Extra"]
[Source "ChessBase"]
[SourceDate "2022.11.30"]
[SourceVersion "1"]
[SourceVersionDate "2022.11.30"]
[SourceQuality "1"]

1. d4 d5 2. Nc3 Nf6 3. Bg5 Nbd7 4. Nf3 h6 5. Bh4 c6 6. e3 g5 7. Bg3 Nh5 8. Bd3 Nxg3 9. hxg3 Bg7 10. Qe2 e5 11. Bf5 e4 12. Nd2 Nf6 13. Bxc8 Qxc8 14. f3 Qe6 15. 0-0-0 0-0 16. f4 gxf4 17. gxf4 Ng4 18. Rdf1 f5 19. Nd1 Rf6 20. Nf2 Rg6 21. Nxg4 Rxg4 22. Rh2 Qg6 23. Rfh1 b6 24. Nf1 c5 25. c3 c4 26. g3 b5 27. Rh4 Rxh4 28. Rxh4 a5 29. g4 fxg4 30. Rxg4 Qb6 31. Qg2 Qb7 32. Ng3 Qf7 33. f5 Ra7 34. Rg6 b4 35. Nh5 Qf8 36. f6 bxc3 37. fxg7 cxb2+ 38. Kb1 Rxg7 39. Nxg7 1-0

[Event "Solta op 5th"]
[Site "Grohote"]
[Date "2022.07.10"]
[Round "9"]
[White "Dzaja, Martin Zorislav"]
[Black "Safar, Sandro"]
[Result "0-1"]
[WhiteElo "2025"]
[BlackElo "2202"]
[PlyCount "74"]
[EventDate "2022.07.02"]
[EventType "swiss"]
[EventRounds "9"]
[EventCountry "CRO"]
[SourceTitle "EXT 2023"]
[Source "ChessBase"]
[SourceDate "2022.10.05"]
[SourceVersion "1"]
[SourceVersionDate "2022.10.05"]
[SourceQuality "1"]

1. d4 Nf6 2. Nf3 d6 3. Bf4 Nh5 4. Bd2 Nd7 5. e4 g6 6. Bc4 Nb6 7. Bb3 Bg7 8. a4 0-0 9. a5 Nd7 10. 0-0 e5 11. Bg5 Qe8 12. Nc3 c6 13. dxe5 h6 14. Be3 Nxe5 15. Qxd6 Nxf3+ 16. gxf3 Kh7 17. f4 Bh3 18. e5 Qc8 19. f3 Bxf1 20. Rxf1 Qf5 21. Ne2 Rfd8 22. Qb4 Rd7 23. Nd4 Qh3 24. Bc4 Nxf4 25. Bxf4 Rxd4 26. Bg3 Rad8 27. b3 h5 28. Qxb7 h4 29. Be1 R8d7 30. Qxc6 Bxe5 31. f4 Rd2 32. Bxd2 Rxd2 33. Rf2 Bd4 34. Qg2 Bxf2+ 35. Kf1 Rd1+ 36. Kxf2 Rd2+ 37. Be2 Rxe2+ 0-1

[Event "Split op 10th"]
[Site "Split"]
[Date "2021.08.01"]
[Round "2"]
[White "Dzaja, Martin Zorislav"]
[Black "Polok, Kacper"]
[Result "0-1"]
[WhiteElo "2010"]
[BlackElo "2245"]
[PlyCount "76"]
[EventDate "2021.07.31"]
[EventType "swiss"]
[EventRounds "9"]
[EventCountry "CRO"]
[SourceTitle "EXT 2022"]
[Source "ChessBase"]
[SourceDate "2021.10.06"]
[SourceVersion "1"]
[SourceVersionDate "2021.10.06"]
[SourceQuality "1"]

1. d4 f5 2. Nf3 Nf6 3. Bf4 e6 4. e3 b6 5. Nbd2 Bb7 6. Bd3 Bd6 7. c3 Bxf4 8. exf4 0-0 9. 0-0 c5 10. dxc5 bxc5 11. Re1 Qc7 12. g3 Nc6 13. Qe2 Rae8 14. Ba6 Ba8 15. Rad1 Re7 16. Nc4 Nb8 17. Ncd2 Nxa6 18. Qxa6 Bb7 19. Qc4 Rfe8 20. b4 d6 21. bxc5 Bd5 22. cxd6 Qxd6 23. Qd4 Qa6 24. c4 Ba8 25. Ne5 Ng4 26. Nxg4 fxg4 27. Ne4 e5 28. Qd6 Qb7 29. f5 Qxe4 30. Rxe4 Bxe4 31. c5 Kf7 32. c6 Rc8 33. Rc1 Rcc7 34. Rc5 Bf3 35. Rxe5 Rxe5 36. Qxc7+ Kf6 37. Qd6+ Kxf5 38. Qf8+ Ke6 0-1

[Event "Zadar op-B 25th"]
[Site "Zadar"]
[Date "2018.12.22"]
[Round "9"]
[White "Dzaja, Martin Zorislav"]
[Black "Lukic, Tomislav"]
[Result "0-1"]
[WhiteElo "2021"]
[BlackElo "1823"]
[PlyCount "74"]
[EventDate "2018.12.15"]
[EventType "swiss"]
[EventRounds "9"]
[EventCountry "CRO"]
[SourceTitle "CBM 188 Extra"]
[Source "ChessBase"]
[SourceDate "2019.02.26"]
[SourceVersion "1"]
[SourceVersionDate "2019.02.26"]
[SourceQuality "1"]

1. e4 e5 2. Nf3 Nc6 3. Bc4 Bc5 4. d3 h6 5. Nc3 a6 6. a4 Nf6 7. Be3 Bb4 8. 0-0 d6 9. Nd5 Ng4 10. Nxb4 Nxb4 11. Bd2 Nc6 12. b4 Nf6 13. b5 Ne7 14. c3 0-0 15. Re1 Bg4 16. h3 Bh5 17. d4 axb5 18. axb5 Rxa1 19. Qxa1 Bxf3 20. gxf3 Qd7 21. Kh2 Ng6 22. Rg1 Kh7 23. dxe5 dxe5 24. Rd1 Qc8 25. Be3 Nh5 26. Bf1 f5 27. Rd5 fxe4 28. fxe4 Nhf4 29. Rc5 Rf7 30. Qd1 Qe6 31. Qg4 Qe7 32. Bc4 Rf8 33. Bd5 Nd3 34. Rc4 Nxf2 35. Qe2 Qh4 36. Be6 Nxe4 37. Qd3 Qg3+ 0-1

[Event "Senta op 21st"]
[Site "Senta"]
[Date "2017.07.26"]
[Round "3"]
[White "Abel, Istvan"]
[Black "Dzaja, Martin Zorislav"]
[Result "0-1"]
[WhiteElo "1711"]
[BlackElo "2016"]
[PlyCount "94"]
[EventDate "2017.07.24"]
[EventType "swiss"]
[EventRounds "9"]
[EventCountry "SRB"]
[SourceTitle "CBM 179 Extra"]
[Source "ChessBase"]
[SourceDate "2017.08.23"]
[SourceVersion "1"]
[SourceVersionDate "2017.08.23"]
[SourceQuality "1"]

1. e4 c5 2. Nf3 Nc6 3. c3 Nf6 4. Bd3 d5 5. e5 Ng4 6. Bb5 Qb6 7. Bxc6+ bxc6 8. h3 Nh6 9. 0-0 Bf5 10. d3 e6 11. b3 Be7 12. Be3 Bg6 13. g4 Ng8 14. Ne1 h5 15. g5 h4 16. f4 Bf8 17. Nd2 Ne7 18. b4 Nf5 19. Bf2 Ng3 20. bxc5 Qa6 21. Bxg3 hxg3 22. Kg2 Bf5 23. Rh1 Bxd3 24. Nb3 Be4+ 25. Nf3 Qc4 26. Kxg3 Bxc5 27. Nxc5 Qxc5 28. Qd4 Qb5 29. Rh2 c5 30. Qe3 a5 31. Nd2 Bf5 32. h4 0-0 33. h5 Qb2 34. Rah1 d4 35. cxd4 cxd4 36. Qb3 Qc3+ 37. Qxc3 dxc3 38. Nf3 Rfd8 39. Kh4 Rd3 40. Ne1 Rd2 41. g6 fxg6 42. hxg6 Rad8 43. Kg5 Rxh2 44. Rxh2 Rd2 45. Rh1 Rd1 46. Kh4 c2 47. Nxc2 Rxh1+ 0-1

[Event "Senta op 21st"]
[Site "Senta"]
[Date "2017.07.25"]
[Round "2"]
[White "Dzaja, Martin Zorislav"]
[Black "Kecskemeti, Arpad"]
[Result "0-1"]
[WhiteElo "2016"]
[BlackElo "2211"]
[PlyCount "152"]
[EventDate "2017.07.24"]
[EventType "swiss"]
[EventRounds "9"]
[EventCountry "SRB"]
[SourceTitle "CBM 179 Extra"]
[Source "ChessBase"]
[SourceDate "2017.08.23"]
[SourceVersion "1"]
[SourceVersionDate "2017.08.23"]
[SourceQuality "1"]

1. e4 c5 2. Nf3 d6 3. Bb5+ Nd7 4. 0-0 a6 5. Bxd7+ Bxd7 6. d4 cxd4 7. Qxd4 e5 8. Qd3 Rc8 9. Nc3 h6 10. a4 Be6 11. Rd1 Nf6 12. a5 Qc7 13. Be3 Qc6 14. Nd2 Be7 15. f3 d5 16. exd5 Bxd5 17. Nde4 Bxe4 18. Nxe4 Nxe4 19. fxe4 0-0 20. c3 Rfd8 21. Qc2 Qb5 22. Bb6 Rxd1+ 23. Rxd1 Bc5+ 24. Bxc5 Qxc5+ 25. Qf2 Qxa5 26. Rd7 Qa1+ 27. Qf1 Qxf1+ 28. Kxf1 b6 29. Rd6 Rb8 30. Ke2 Kf8 31. Rd5 Re8 32. b4 Re6 33. Rd7 Ke8 34. Ra7 b5 35. Rc7 Kf8 36. Ke3 g6 37. Ra7 Kg7 38. g4 Kf6 39. h4 Rc6 40. Kd3 Rd6+ 41. Ke2 h5 42. g5+ Ke6 43. Ke3 Rc6 44. Kd3 f5 45. exf5+ Kxf5 46. Rf7+ Ke6 47. Rf6+ Kd5 48. Rf8 e4+ 49. Kd2 Ke5 50. Rf7 Rd6+ 51. Ke2 Kd5 52. Ke3 Rc6 53. Kd2 e3+ 54. Kd3 Re6 55. Ke2 Kc4 56. Rf6 Kd5 57. Rf8 Kc4 58. Rf6 Re4 59. Rxg6 Kxc3 60. Rxa6 Rxh4 61. Rc6+ Kxb4 62. Kxe3 Rg4 63. g6 h4 64. Kf3 Rg3+ 65. Kf2 Kb3 66. Rc5 b4 67. Rh5 Rxg6 68. Rxh4 Re6 69. Rd4 Kc3 70. Rd8 b3 71. Rc8+ Kb2 72. Rb8 Kc2 73. Rc8+ Kb1 74. Rb8 b2 75. Rc8 Ra6 76. Ke2 Ka1 0-1

[Event "Zadar op-B 23rd"]
[Site "Zadar"]
[Date "2016.12.14"]
[Round "5"]
[White "Trippold, Denise"]
[Black "Dzaja, Martin Zorislav"]
[Result "1-0"]
[WhiteElo "2057"]
[BlackElo "1914"]
[PlyCount "67"]
[EventDate "2016.12.11"]
[EventType "swiss"]
[EventRounds "9"]
[EventCountry "CRO"]
[SourceTitle "CBM 176 Extra"]
[Source "ChessBase"]
[SourceDate "2017.03.02"]
[SourceVersion "1"]
[SourceVersionDate "2017.03.02"]
[SourceQuality "1"]

1. d4 Nf6 2. c4 g6 3. Nc3 Bg7 4. e4 d6 5. h3 c6 6. Nf3 0-0 7. Be3 Qc7 8. Be2 e5 9. d5 Nbd7 10. Nd2 a5 11. a3 Nc5 12. 0-0 Bd7 13. b4 axb4 14. axb4 Rxa1 15. Qxa1 Na6 16. dxc6 Be6 17. Qa4 Nb8 18. cxb7 Qxb7 19. Nd5 Bd7 20. Qa3 Nxd5 21. exd5 f5 22. f4 Re8 23. c5 exf4 24. Rxf4 Bh6 25. Rf3 f4 26. Bxf4 Bxf4 27. Rxf4 Rxe2 28. Qf3 Bb5 29. Rf8+ Kg7 30. Qf6+ Kh6 31. Rf7 Rxg2+ 32. Kxg2 Qxd5+ 33. Nf3 Nd7 34. Qg7+ 1-0

[Event "Zagreb op"]
[Site "Zagreb"]
[Date "2015.04.17"]
[Round "1"]
[White "Martinovic, Sasa"]
[Black "Dzaja, Martin Zorislav"]
[Result "1-0"]
[WhiteElo "2520"]
[BlackElo "1953"]
[PlyCount "111"]
[EventDate "2015.04.17"]
[EventType "swiss"]
[EventRounds "9"]
[EventCountry "CRO"]
[SourceTitle "CBM 166 Extra"]
[Source "ChessBase"]
[SourceDate "2015.06.18"]
[SourceVersion "1"]
[SourceVersionDate "2015.06.18"]
[SourceQuality "1"]

1. d4 Nf6 2. c4 g6 3. Nc3 Bg7 4. e4 d6 5. Nf3 0-0 6. h3 c6 7. Be3 e5 8. d5 cxd5 9. cxd5 Nbd7 10. Nd2 Ne8 11. g4 Nc5 12. h4 f5 13. gxf5 gxf5 14. h5 Kh8 15. h6 Bf6 16. Qh5 Nxe4 17. Ndxe4 fxe4 18. 0-0-0 Rg8 19. Bh3 Bg5 20. Rdg1 Bxe3+ 21. fxe3 Nf6 22. Qf7 Ng4 23. Nxe4 Nxh6 24. Rxg8+ Qxg8 25. Qxg8+ Nxg8 26. Nxd6 Bxh3 27. Rxh3 Nf6 28. e4 Kg7 29. Kc2 b6 30. Kd3 h5 31. Nc4 Re8 32. Rg3+ Ng4 33. Ne3 Kf6 34. Nxg4+ hxg4 35. Rxg4 Rh8 36. Rg3 Rh2 37. Rf3+ Ke7 38. Rf5 Kd6 39. Rf6+ Kd7 40. Re6 Rxb2 41. Rxe5 Rxa2 42. Rh5 a5 43. e5 a4 44. Rh7+ Kd8 45. e6 Ra1 46. Kd4 a3 47. d6 Kc8 48. Rc7+ Kb8 49. e7 Rd1+ 50. Ke5 Re1+ 51. Kf5 a2 52. d7 Kxc7 53. d8Q+ Kb7 54. Qd7+ Ka6 55. e8Q Rxe8 56. Qxe8 1-0

[Event "Osijek op"]
[Site "Osijek"]
[Date "2015.03.07"]
[Round "5"]
[White "Radman, Marijan"]
[Black "Dzaja, Martin Zorislav"]
[Result "0-1"]
[WhiteElo "1781"]
[BlackElo "1953"]
[PlyCount "32"]
[EventDate "2015.03.05"]
[EventType "swiss"]
[EventRounds "7"]
[EventCountry "CRO"]
[SourceTitle "CBM 165 Extra"]
[Source "ChessBase"]
[SourceDate "2015.04.21"]
[SourceVersion "1"]
[SourceVersionDate "2015.04.21"]
[SourceQuality "1"]

1. d4 Nf6 2. Bg5 Ne4 3. Bf4 c5 4. f3 Nf6 5. dxc5 Qa5+ 6. Nc3 Qxc5 7. e4 d6 8. Qd2 Nc6 9. 0-0-0 Be6 10. Nd5 Bxd5 11. exd5 Nb4 12. Be3 Qa5 13. a3 Nfxd5 14. Bf2 Nc3 15. Qf4 Nxd1 16. Be1 Nd3+ 0-1

[Event "Bosnjaci op 20th"]
[Site "Bosnjaci"]
[Date "2015.01.08"]
[Round "8"]
[White "Nemec, Vjekoslav"]
[Black "Dzaja, Martin Zorislav"]
[Result "1-0"]
[WhiteElo "2163"]
[BlackElo "1924"]
[PlyCount "95"]
[EventDate "2015.01.03"]
[EventType "swiss"]
[EventRounds "9"]
[EventCountry "CRO"]
[SourceTitle "CBM 164 Extra"]
[Source "ChessBase"]
[SourceDate "2015.03.02"]
[SourceVersion "1"]
[SourceVersionDate "2015.03.02"]
[SourceQuality "1"]

1. e4 c5 2. c3 Nf6 3. e5 Nd5 4. d4 cxd4 5. cxd4 d6 6. Nf3 Nc6 7. Bc4 Nb6 8. Bb5 e6 9. Bg5 Be7 10. Bxe7 Qxe7 11. Nc3 0-0 12. 0-0 dxe5 13. dxe5 Rd8 14. Qe2 Nb4 15. Rfd1 N4d5 16. Nxd5 Nxd5 17. Qe4 Bd7 18. Bd3 g6 19. a3 Bc6 20. Qg4 Rac8 21. Ng5 h5 22. Qg3 Ba4 23. Rdc1 Qd7 24. Ne4 Rxc1+ 25. Rxc1 Rc8 26. Rxc8+ Qxc8 27. Qg5 Qf8 28. Nd6 Bc6 29. h4 Kg7 30. g4 Qe7 31. Qxe7 Nxe7 32. gxh5 gxh5 33. Kh2 Ng6 34. Bxg6 Kxg6 35. Kg3 f6 36. Kf4 Bd5 37. Ne8 fxe5+ 38. Kxe5 Kf7 39. Nd6+ Ke7 40. f4 Kd7 41. f5 b6 42. Nb5 Bc4 43. Nd6 Bb3 44. f6 Bc2 45. Nb5 a6 46. Nd4 Bg6 47. Nxe6 Bc2 48. f7 1-0

[Event "Bosnjaci op 20th"]
[Site "Bosnjaci"]
[Date "2015.01.07"]
[Round "7"]
[White "Dzaja, Martin Zorislav"]
[Black "Lazor, Vladimir"]
[Result "1/2-1/2"]
[WhiteElo "1924"]
[BlackElo "2202"]
[PlyCount "100"]
[EventDate "2015.01.03"]
[EventType "swiss"]
[EventRounds "9"]
[EventCountry "CRO"]
[SourceTitle "CBM 164 Extra"]
[Source "ChessBase"]
[SourceDate "2015.03.02"]
[SourceVersion "1"]
[SourceVersionDate "2015.03.02"]
[SourceQuality "1"]

1. e4 d6 2. d4 Nf6 3. Nc3 g6 4. Be2 Bg7 5. h4 h5 6. Nf3 c5 7. dxc5 Qa5 8. Ng5 Qxc5 9. Be3 Qb4 10. Qd2 0-0 11. 0-0 Nc6 12. Rfd1 Bd7 13. a3 Qa5 14. b4 Qc7 15. Nb5 Qc8 16. Rac1 a6 17. Nd4 Ne5 18. c4 Neg4 19. c5 dxc5 20. Rxc5 Qb8 21. Bf4 e5 22. Bg3 Ba4 23. Nc2 Rd8 24. Qc1 b6 25. Rxd8+ Qxd8 26. Rc3 Rc8 27. Ne3 Rxc3 28. Qxc3 Nxe3 29. Qxe3 Bb5 30. Bxb5 axb5 31. Qb3 Qe7 32. f3 Nh7 33. Nxh7 Kxh7 34. Qd5 Bf6 35. Qxb5 Bxh4 36. Qxe5 Qd8 37. Bxh4 Qxh4 38. Qc3 Qg3 39. Qe3 b5 40. Qf2 Qe5 41. Qc5 Qa1+ 42. Kh2 Qf1 43. Qd5 Kg7 44. Qe5+ Kh7 45. Qe8 Kg7 46. a4 bxa4 47. Qxa4 Qe1 48. Qb5 Qh4+ 49. Kg1 Qe1+ 50. Kh2 Qh4+ 1/2-1/2

[Event "Split Zupanije-ch"]
[Site "Split"]
[Date "2013.03.25"]
[Round "9"]
[White "Dzaja, Martin Zorislav"]
[Black "Andromak, Franino"]
[Result "1-0"]
[WhiteElo "1935"]
[BlackElo "1770"]
[PlyCount "55"]
[EventDate "2013.03.16"]
[EventType "swiss"]
[EventRounds "9"]
[EventCountry "CRO"]
[SourceTitle "CBM 153 Extra"]
[Source "ChessBase"]
[SourceDate "2013.04.22"]
[SourceVersion "1"]
[SourceVersionDate "2013.04.22"]
[SourceQuality "1"]

1. e4 e6 2. d4 d5 3. Nc3 Nf6 4. e5 Nfd7 5. f4 g6 6. Nf3 a6 7. Bd3 c5 8. 0-0 Nc6 9. Kh1 b5 10. a3 Bb7 11. Qe1 Rc8 12. g4 Ne7 13. f5 c4 14. fxe6 fxe6 15. Ng5 Qb6 16. Qf2 Nxe5 17. Qf6 Qxd4 18. Qxh8 cxd3 19. Rxf8+ Kd7 20. Rxc8 Nxc8 21. Qf6 dxc2 22. Bf4 Qb6 23. Qxe5 d4+ 24. Nce4 d3 25. h3 Ne7 26. Kh2 h6 27. Nf6+ Kd8 28. Nxe6+ 1-0